La voz de las horas otoñales / (Record no. 101461)

MARC details
000 -LEADER
campo de control de longitud fija 00437nam a2200145 i 4500
001 - NÚMERO DE CONTROL
campo de control 101461
003 - IDENTIFICADOR DE NÚMERO DE CONTROL
campo de control ES-MaACL
007 - CAMPO FIJO DE DESCRIPCIÓN FÍSICA--INFORMACIÓN GENERAL
campo de control de longitud fija t|
008 - DATOS DE LONGITUD FIJA--INFORMACIÓN GENERAL
campo de control de longitud fija 051019s1953 pe ||||1| spa d
100 1# - ENTRADA PRINCIPAL--NOMBRE DE PERSONA
Nombre de persona Medina Pinón, Hermán.
9 (RLIN) 79751
245 13 - MENCIÓN DEL TÍTULO
Título La voz de las horas otoñales /
Mención de responsabilidad, etc. Hermán Medina Pinón.
260 ## - PUBLICACIÓN, DISTRIBUCIÓN, ETC.
Lugar de publicación, distribución, etc. Iquitos (Perú) :
Nombre del editor, distribuidor, etc. El Oriente,
Fecha de publicación, distribución, etc. 1953.
300 ## - DESCRIPCIÓN FÍSICA
Extensión 1 lám. ret. aut., 182 p. ;
Dimensiones 22 cm.
852 ## - LOCALIZACIÓN
Ubicación ES-MaACL
Número de control de estantería C-8365
Sublocalización o colección R.35997
Holdings
Estatus retirado Estado de pérdida Estado de daño No para préstamo Biblioteca de origen Biblioteca actual Ubicación en estantería Fecha de adquisición Fuente de adquisición Total de préstamos Signatura topográfica completa Código de barras Visto por última vez Precio de reemplazo Tipo de ítem Koha
        Biblioteca del Ateneo de Madrid Biblioteca del Ateneo de Madrid Sala Palomar 17/01/2008     C-8365 1105928 23/02/2023 23/02/2023 Libro impreso